Normal view
MARC view
- Naeem, Misbah
Entry Personal Name
001 - CONTROL NUMBER
- control field: 120121
003 - CONTROL NUMBER IDENTIFIER
- control field: NUST
005 - DATE AND TIME OF LATEST TRANSACTION
- control field: 20240126101758.0
008 - FIXED-LENGTH DATA ELEMENTS
- fixed length control field: 240126|| aca||aabn | a|a d
040 ## - CATALOGING SOURCE
- Original cataloging agency: NUST
- Transcribing agency: NUST
100 ## - HEADING--PERSONAL NAME
- Personal name: Naeem, Misbah
670 ## - SOURCE DATA FOUND
- Source citation: Work cat.: (NUST): Naeem, Misbah, From Pixels to Precision: Deep Semantic Segmentation of Water Bodies in Remote Sensing Imagery/
